01284nam a2200229 a 450000100060000000300080000600500170001400800410003103500190007204000270009104100080011808200220012624500680014826000430021630000200025950000640027950400640034350505680040765100220097565100290099770000280102625231BD-RjUL20211209050841.0140316s1954 enk b 001 0 eng d a(BD-RjUL)25300 aDLCcTJCdBD-RjULbeng aeng00a943.004bGER 195400aGerman history :bsome new German views /cedited by Hans Kohn. aLondon :bGeorge Allen & Unwin,c1954. a224 p. ;c23 cm a"The German texts were translated by Dr. Herbert H. Rowen." aIncludes bibliographical references (p. 213-220) and index.0 aRethinking recent German history / H. Kohn -- The Via Dolorosa of the civilian spirit in Germany / K. Buchheim -- The Bismarck problem / F. Schnabel -- Bismarck and ourselves. Historians and history / A. von Martin -- Militatism in modern history / H. Herzfeld -- Germany and the epoch of world wars / L. Dehio -- Ranke and Burckhardt / F. Meinecke -- The glorification of the state in German historical writing / J.A. von Puttkamer -- Toward a revision of the German concept of history / W. Hofer -- Misfortune and moral decisions in German history / H. Holborn. 0aGermanyxHistory. 0aGermanyxHistoriography.1 aKohn, Hans,d1891-1971.